[Event "TUN-ch"]
[Site "Hammamet"]
[Date "2016.12.10"]
[Round "9"]
[White "Tkitek, Walid"]
[Black "Mabrouk, Fathi Ben Salah"]
[Result "0-1"]
[WhiteElo "2079"]
[BlackElo "2128"]
[PlyCount "88"]
[EventDate "2016.12.05"]
[EventType "swiss"]
[EventRounds "9"]
[EventCountry "TUN"]
[SourceTitle "CBM 176 Extra"]
[Source "ChessBase"]
[SourceDate "2017.03.02"]
[SourceVersion "1"]
[SourceVersionDate "2017.03.02"]
[SourceQuality "1"]

1. e4 c5 2. Nc3 Nc6 3. f4 g6 4. Bb5 Nd4 5. Nf3 Bg7 6. 0-0 a6 7. Bc4 e6 8. a4 Ne7 9. d3 0-0 10. Ne2 d5 11. Ba2 dxe4 12. dxe4 Nxf3+ 13. gxf3 Qc7 14. c3 Rd8 15. Qe1 a5 16. Be3 b6 17. Rf2 Ba6 18. Ng3 Rd7 19. Rd1 Rad8 20. Rxd7 Rxd7 21. Rd2 Qd8 22. Rxd7 Qxd7 23. Qd2 Qxd2 24. Bxd2 Bh6 25. e5 Nd5 26. Ne4 Nxf4 27. Nf6+ Kg7 28. Bxf4 Bxf4 29. Nd7 Be3+ 30. Kg2 c4 31. f4 Bb7+ 32. Kg3 Bc6 33. Nf6 Bxa4 34. Bxc4 Bc6 35. Ba2 h5 36. Bb1 a4 37. Bc2 Bc1 38. b3 a3 39. Bb1 Be3 40. c4 Kf8 41. Nh7+ Ke7 42. Ng5 b5 43. cxb5 Bxb5 44. Ne4 Bd3 0-1

[Event "TUN-ch"]
[Site "Hammamet"]
[Date "2016.12.08"]
[Round "6"]
[White "Mohammed, Naoueli"]
[Black "Tkitek, Walid"]
[Result "1-0"]
[WhiteElo "2044"]
[BlackElo "2079"]
[PlyCount "79"]
[EventDate "2016.12.05"]
[EventType "swiss"]
[EventRounds "9"]
[EventCountry "TUN"]
[SourceTitle "EXT 2018"]
[Source "ChessBase"]
[SourceDate "2017.10.13"]
[SourceVersion "1"]
[SourceVersionDate "2017.10.13"]
[SourceQuality "1"]

1. e4 e5 2. Bc4 Nf6 3. Nc3 Be7 4. d3 0-0 5. f4 d6 6. Nf3 Nc6 7. 0-0 Bg4 8. a4 Nd4 9. Kh1 c6 10. fxe5 dxe5 11. Be3 Nh5 12. Qd2 Bxf3 13. gxf3 Kh8 14. Bxd4 exd4 15. Ne2 Bg5 16. f4 Bh6 17. Qe1 c5 18. Qf2 Qe7 19. Rg1 f5 20. e5 Rad8 21. c3 b6 22. Qf3 Qh4 23. Rgf1 Rde8 24. a5 g5 25. fxg5 Rxe5 26. Rae1 Re3 27. Qg2 Bxg5 28. axb6 axb6 29. cxd4 cxd4 30. Rg1 h6 31. Ref1 Rfe8 32. Rf2 f4 33. Qf1 Rxe2 34. Rxe2 Rxe2 35. Qxe2 Nf6 36. Qf3 Qh5 37. Qa8+ Kg7 38. Re1 Qh3 39. Re7+ Kg6 40. Bf7+ 1-0

[Event "TUN-ch"]
[Site "Hammamet"]
[Date "2016.12.07"]
[Round "4"]
[White "Jmila, Omar"]
[Black "Tkitek, Walid"]
[Result "1-0"]
[WhiteElo "2082"]
[BlackElo "2079"]
[PlyCount "105"]
[EventDate "2016.12.05"]
[EventType "swiss"]
[EventRounds "9"]
[EventCountry "TUN"]
[SourceTitle "CBM 176 Extra"]
[Source "ChessBase"]
[SourceDate "2017.03.02"]
[SourceVersion "1"]
[SourceVersionDate "2017.03.02"]
[SourceQuality "1"]

1. Nf3 e6 2. c4 d5 3. g3 Nf6 4. Bg2 Be7 5. 0-0 0-0 6. d4 c6 7. Nc3 Nbd7 8. Nd2 e5 9. cxd5 exd4 10. dxc6 dxc3 11. cxd7 cxb2 12. Bxb2 Qxd7 13. Ne4 Nxe4 14. Bxe4 Qb5 15. Qc2 f5 16. a4 Qa6 17. Bf3 Be6 18. Qc7 Qd6 19. Qxd6 Bxd6 20. Bd4 Rf7 21. Rfb1 a5 22. Bxb7 Rb8 23. Bc6 Rxb1+ 24. Rxb1 Bb4 25. Bb6 Rf8 26. Rd1 Kf7 27. Bd8 g6 28. Kg2 h6 29. f3 g5 30. e4 fxe4 31. fxe4 Kg6 32. Bb6 Rc8 33. Bd7 Rc2+ 34. Kf3 g4+ 35. Kf4 Bc4 36. Bf5+ Kg7 37. Rd7+ Kf8 38. Bxg4 Rxh2 39. Kf5 Be7 40. Rc7 Bg8 41. Bc5 Bxc5 42. Rxc5 Ke7 43. Rxa5 Bb3 44. Ra7+ Kd8 45. Kf4 Rf2+ 46. Ke3 Ra2 47. a5 Ra3 48. Kf4 Bc4 49. Bf5 h5 50. e5 Be2 51. e6 Rf3+ 52. Ke5 Rxg3 53. Kd6 1-0

[Event "TUN-ch"]
[Site "Hammamet"]
[Date "2016.12.07"]
[Round "5"]
[White "Tkitek, Walid"]
[Black "Charfeddine, Akrem"]
[Result "1-0"]
[WhiteElo "2079"]
[BlackElo "1978"]
[PlyCount "69"]
[EventDate "2016.12.05"]
[EventType "swiss"]
[EventRounds "9"]
[EventCountry "TUN"]
[SourceTitle "CBM 176 Extra"]
[Source "ChessBase"]
[SourceDate "2017.03.02"]
[SourceVersion "1"]
[SourceVersionDate "2017.03.02"]
[SourceQuality "1"]

1. e4 c5 2. Nc3 d6 3. f4 Nc6 4. Nf3 a6 5. d3 g6 6. h3 Bg7 7. g3 Nf6 8. Ne2 Bd7 9. Bg2 Qc7 10. c3 b5 11. e5 dxe5 12. Nxe5 0-0 13. 0-0 Be8 14. d4 Rb8 15. Be3 c4 16. Qd2 e6 17. g4 Nd5 18. Ng3 Nxe5 19. dxe5 Nxe3 20. Qxe3 Bc6 21. Bxc6 Qxc6 22. Rad1 Rfd8 23. Ne4 Bf8 24. Kh2 Qc7 25. Rd4 Rxd4 26. cxd4 Be7 27. f5 f6 28. fxg6 fxe5 29. gxh7+ Kg7 30. Qg3 Kxh7 31. g5 Kg7 32. dxe5 Rd8 33. Qf4 Rf8 34. Nf6 c3 35. Ne8+ 1-0

[Event "TUN-ch"]
[Site "Hammamet"]
[Date "2016.12.06"]
[Round "3"]
[White "Tkitek, Walid"]
[Black "Chikhaoui, Walid"]
[Result "0-1"]
[WhiteElo "2079"]
[BlackElo "2198"]
[PlyCount "76"]
[EventDate "2016.12.05"]
[EventType "swiss"]
[EventRounds "9"]
[EventCountry "TUN"]
[SourceTitle "CBM 176 Extra"]
[Source "ChessBase"]
[SourceDate "2017.03.02"]
[SourceVersion "1"]
[SourceVersionDate "2017.03.02"]
[SourceQuality "1"]

1. e4 c5 2. Nf3 e6 3. Nc3 a6 4. d4 cxd4 5. Nxd4 Qc7 6. g3 Nf6 7. Bg2 Be7 8. 0-0 0-0 9. Qe2 d6 10. Be3 Bd7 11. f4 Nc6 12. h3 Rac8 13. a4 Nxd4 14. Bxd4 e5 15. Be3 Qc4 16. Qd3 Qxd3 17. cxd3 Bc6 18. g4 exf4 19. Bxf4 Rfd8 20. d4 h6 21. Be3 Nh7 22. Rf2 Bg5 23. Bxg5 Nxg5 24. h4 Nh7 25. Raf1 Rc7 26. Kh2 Re7 27. Kg3 Nf6 28. g5 hxg5 29. hxg5 Nh7 30. Kh4 Nf8 31. Re1 b5 32. axb5 axb5 33. Re3 Ra8 34. Kg3 b4 35. Ne2 Ra5 36. Nf4 Rxg5+ 37. Kh4 Ra5 38. Rd2 g5+ 0-1

[Event "TUN-chB"]
[Site "Hammamet"]
[Date "2016.10.20"]
[Round "9"]
[White "Tkitek, Walid"]
[Black "Hbacha, Achraf"]
[Result "1/2-1/2"]
[WhiteElo "1839"]
[BlackElo "2013"]
[PlyCount "52"]
[EventDate "2016.10.15"]
[EventType "swiss"]
[EventRounds "9"]
[EventCountry "TUN"]
[SourceTitle "EXT 2018"]
[Source "ChessBase"]
[SourceDate "2017.10.13"]
[SourceVersion "1"]
[SourceVersionDate "2017.10.13"]
[SourceQuality "1"]

1. e4 c6 2. d4 d5 3. Nc3 dxe4 4. Nxe4 Bf5 5. Ng3 Bg6 6. Nf3 Nd7 7. c3 e6 8. Bg5 Be7 9. Qd2 Bxg5 10. Qxg5 Qxg5 11. Nxg5 e5 12. dxe5 Nxe5 13. f4 Nd3+ 14. Bxd3 Bxd3 15. 0-0-0 Rd8 16. Rhe1+ Ne7 17. Re3 Bg6 18. Rxd8+ Kxd8 19. Kd2 Kd7 20. Nf3 f6 21. Nd4 Nd5 22. Rf3 Re8 23. f5 Bf7 24. Nge2 Re5 25. b3 c5 26. Nc2 Bh5 1/2-1/2

[Event "TUN-chB"]
[Site "Hammamet"]
[Date "2016.10.17"]
[Round "4"]
[White "Tkitek, Walid"]
[Black "Mabrouk, Fathi Ben Salah"]
[Result "1-0"]
[WhiteElo "1839"]
[BlackElo "2129"]
[PlyCount "115"]
[EventDate "2016.10.15"]
[EventType "swiss"]
[EventRounds "9"]
[EventCountry "TUN"]
[SourceTitle "EXT 2018"]
[Source "ChessBase"]
[SourceDate "2017.10.13"]
[SourceVersion "1"]
[SourceVersionDate "2017.10.13"]
[SourceQuality "1"]

1. e4 c5 2. Nf3 d6 3. c3 Nf6 4. Be2 g6 5. d4 cxd4 6. Qxd4 Nc6 7. Qd3 Bg7 8. h3 0-0 9. Be3 d5 10. Nbd2 dxe4 11. Nxe4 Nd5 12. Ng3 Qa5 13. 0-0 Nxe3 14. Qxe3 Be6 15. Nd2 Rad8 16. Nb3 Qe5 17. Qxe5 Bxe5 18. Ne4 b6 19. Rfd1 h6 20. Rxd8 Rxd8 21. Rd1 Rc8 22. Ba6 Rc7 23. Bb5 a5 24. Nc1 Na7 25. Ba4 b5 26. Bb3 Bf5 27. f3 a4 28. Bc2 a3 29. Nd3 Bxe4 30. fxe4 Bg7 31. bxa3 e6 32. Kf2 Nc6 33. Rc1 Na5 34. Ke2 Rc6 35. a4 b4 36. Nf2 Rd6 37. Rd1 Rb6 38. Ng4 h5 39. Ne3 Nc6 40. Nc4 Rb7 41. Rd6 Ne5 42. Nxe5 Bxe5 43. Rd8+ Kg7 44. Kd3 Kf6 45. Kc4 Ke7 46. Rd1 Bd6 47. a5 Rc7+ 48. Kb5 Rc5+ 49. Kb6 Rc8 50. a6 Rb8+ 51. Kc6 Rc8+ 52. Kb7 Rb8+ 53. Kc6 Rc8+ 54. Kb7 Rb8+ 55. Ka7 Rb5 56. Ba4 Be5 57. Ka8 Ra5 58. Rd7+ 1-0